[Event "Challenge"]
[Site "http://www.queenalice.com/game.php?id=65392"]
[Date "2006.4.24"]
[Round "-"]
[White "Pedro_Maldonado"]
[Black "VICSAR"]
[Result "0-1"]
[WhiteElo "1256"]
[BlackElo "1802"]

1. d4 g6 2. Qd3 Bg7 3. e4 Nc6 4. Qf3 Nxd4 5. Qd3 c6 6. Nf3 Qa5+ 7. Bd2 Qb6 8. c3
Nb5 9. g3 d6 10. Be3 Qc7 11. Na3 Nxa3 12. bxa3 Qa5 13. Bg2 Bxc3+ 14. Bd2 Bxd2+
15. Nxd2 Be6 16. O-O Nf6 17. Nf3 O-O 18. Qe3 Qh5 19. Ng5 Ng4 20. Rfb1 Nxe3 21.
fxe3 Qxg5 22. Re1 f5 23. h4 Qxg3 24. h5 fxe4 25. Re2 Bc4 26. Rc2 d5 27. Re1 Rf3
28. Rcc1 Raf8 29. Rf1 Bxf1 30. Rc2 Bxg2 0-1

[Event "Challenge"]
[Site "http://www.queenalice.com/game.php?id=72460"]
[Date "2006.5.28"]
[Round "-"]
[White "Pedro_Maldonado"]
[Black "Dr_HB"]
[Result "0-1"]
[WhiteElo "1257"]
[BlackElo "1230"]

1. e4 g5 2. Bc4 Nc6 3. Qf3 Ne5 4. Qb3 e6 5. Qc3 Qf6 6. h3 Bc5 7. d4 Nxc4 8. dxc5
Qxc3+ 9. Nxc3 d5 10. exd5 exd5 11. Nxd5 c6 12. Nc7+ Kd7 13. Nxa8 Nf6 14. b3 Re8+
15. Ne2 Re5 16. f4 gxf4 17. Bxf4 Re4 18. g3 Nb2 0-1

[Event "Challenge"]
[Site "http://www.queenalice.com/game.php?id=72461"]
[Date "2006.5.28"]
[Round "-"]
[White "Pedro_Maldonado"]
[Black "pierj"]
[Result "0-1"]
[WhiteElo "1310"]
[BlackElo "1328"]

1. d3 Nf6 2. e4 e5 3. Nf3 d6 4. Bg5 Be7 5. Bxf6 gxf6 6. g3 b6 7. c3 Bb7 8. d4
Bxe4 9. Nbd2 f5 10. Bg2 Nd7 11. O-O c5 0-1

[Event "Challenge"]
[Site "http://www.queenalice.com/game.php?id=72462"]
[Date "2006.5.28"]
[Round "-"]
[White "Pedro_Maldonado"]
[Black "GribicheLeTroll"]
[Result "0-1"]
[WhiteElo "1257"]
[BlackElo "1994"]

1. g3 d5 2. Nf3 Nc6 3. Bg2 e5 4. d4 e4 5. Nh4 g5 6. Bxg5 Qxg5 7. O-O Nge7 8. f4
Qg7 9. e3 Bg4 10. Qe1 Ng6 11. f5 Nxh4 12. gxh4 Bf3 13. Qg3 Rg8 14. Bxf3 Nxd4 0-1

[Event "Challenge"]
[Site "http://www.queenalice.com/game.php?id=72681"]
[Date "2006.5.29"]
[Round "-"]
[White "Pedro_Maldonado"]
[Black "mc3"]
[Result "0-1"]
[WhiteElo "1292"]
[BlackElo "1368"]

1. e3 e5 2. Bc4 Nh6 3. d4 e4 4. f3 Bb4+ 5. c3 Bd6 6. fxe4 Qh4+ 7. g3 Qxe4 8. Qf3
Qc2 9. Ne2 O-O 10. e4 Qa4 11. Bxh6 gxh6 12. Qg4+ Kh8 13. e5 Be7 14. b3 Qc6 15.
Rf1 d5 0-1

[Event "Challenge"]
[Site "http://www.queenalice.com/game.php?id=72683"]
[Date "2006.5.29"]
[Round "-"]
[White "Pedro_Maldonado"]
[Black "clauberfm"]
[Result "0-1"]
[WhiteElo "1287"]
[BlackElo "2072"]

1. g3 d5 2. Bg2 e5 3. e4 d4 4. Nf3 Nc6 5. d3 f5 6. Bg5 Nf6 7. O-O fxe4 8. dxe4
Be7 9. c4 O-O 10. Bxf6 Bxf6 11. Qb3 Na5 12. Qa4 b6 13. b4 Nxc4 14. Qc6 Ba6 15.
b5 Bxb5 16. Qxb5 Nd6 17. Qd5+ Kh8 18. Nbd2 Rc8 19. Bh3 c6 20. Qe6 Rc7 21. Nxe5
Bxe5 22. Qxe5 c5 23. Qh5 c4 24. Nf3 Nxe4 25. Ng5 Nxg5 26. Rfe1 Nf3+ 27. Kg2 Qa8
28. Re4 Qxe4 0-1

[Event "Challenge"]
[Site "http://www.queenalice.com/game.php?id=72684"]
[Date "2006.5.29"]
[Round "-"]
[White "Pedro_Maldonado"]
[Black "clauberfm"]
[Result "0-1"]
[WhiteElo "1287"]
[BlackElo "2074"]

1. Nf3 d5 2. d4 Nc6 3. e3 Nf6 4. Bb5 Bd7 5. Bxc6 bxc6 6. Na3 e6 7. O-O c5 8. Qd3
c4 9. Qc3 Qb8 10. b3 Bb4 11. Qb2 c3 12. Qb1 c6 13. Ne5 Qd6 14. Re1 Ne4 15. f3
Nd2 16. Bxd2 cxd2 17. Rd1 Bc3 18. Nd3 Qxa3 19. Ne5 Bxa1 20. Qxa1 Qb4 21. Nd3 Qe7
22. Rxd2 O-O 23. Ne5 f6 24. Ng4 e5 25. dxe5 Bxg4 26. fxg4 fxe5 27. a4 Qc5 28.
Qxe5 Rae8 29. Qg5 Rxe3 0-1

[Event "Challenge"]
[Site "http://www.queenalice.com/game.php?id=72685"]
[Date "2006.5.29"]
[Round "-"]
[White "Pedro_Maldonado"]
[Black "Frankone"]
[Result "0-1"]
[WhiteElo "1277"]
[BlackElo "1320"]

1. Na3 d5 2. c4 Nf6 3. Nf3 e6 4. d3 Bb4+ 5. Bd2 a5 6. Bxb4 axb4 7. Qa4+ Rxa4 8.
b3 Rxa3 9. g3 Ng4 10. Bh3 f5 11. Ne5 Nxe5 12. f4 Nxc4 13. bxc4 b3 14. O-O bxa2
0-1

[Event "AUTO-OPEN-281"]
[Site "http://www.queenalice.com/game.php?id=72710"]
[Date "2006.5.29"]
[Round "1"]
[White "Pedro_Maldonado"]
[Black "santista"]
[Result "0-1"]
[WhiteElo "1287"]
[BlackElo "1785"]

1. d4 d5 2. g3 Bf5 3. Bg2 e6 4. Nc3 Bb4 5. Bf4 Bxc3+ 6. bxc3 Qd7 7. Nf3 Na6 8.
Ne5 Qa4 9. O-O Qxc2 10. Qe1 f6 11. Nf3 O-O-O 12. Nh4 Be4 13. Qb1 Qxb1 14. Rfxb1
Bxb1 15. Rxb1 g5 16. e4 gxh4 17. gxh4 dxe4 0-1

[Event "AUTO-OPEN-281"]
[Site "http://www.queenalice.com/game.php?id=72711"]
[Date "2006.5.29"]
[Round "1"]
[White "santista"]
[Black "Pedro_Maldonado"]
[Result "1-0"]
[WhiteElo "1785"]
[BlackElo "1287"]

1. d4 d5 2. c4 b6 3. Bf4 dxc4 4. Qa4+ Nd7 5. Qxc4 c5 6. dxc5 Nxc5 7. Nc3 Ba6 8.
Qd5 Bb7 9. Qxd8+ Kxd8 10. O-O-O+ Nd7 11. Nf3 Bxf3 12. exf3 g6 13. Bb5 Nf6 14.
Bc6 Rc8 15. Bb7 Rc4 16. Bg5 Nh5 17. g4 Bg7 18. gxh5 1-0

[Event "AUTO-OPEN-281"]
[Site "http://www.queenalice.com/game.php?id=72712"]
[Date "2006.5.29"]
[Round "1"]
[White "Pedro_Maldonado"]
[Black "eljay"]
[Result "0-1"]
[WhiteElo "1318"]
[BlackElo "1634"]

1. d4 d6 2. e3 g6 3. Qf3 Nf6 4. g3 Bg7 5. Nh3 c6 6. Bg2 d5 7. Ng5 Bg4 8. Qf4
Qa5+ 9. Bd2 Qb5 10. f3 Bd7 0-1

[Event "AUTO-OPEN-281"]
[Site "http://www.queenalice.com/game.php?id=72714"]
[Date "2006.5.29"]
[Round "1"]
[White "Pedro_Maldonado"]
[Black "gillou"]
[Result "0-1"]
[WhiteElo "1261"]
[BlackElo "1968"]

1. b3 d5 2. d3 Bf5 3. Nc3 e6 4. e4 Bb4 5. Qd2 dxe4 6. dxe4 Bxe4 7. f3 Bg6 8. a3
Bxc3 9. Qxc3 Nf6 10. Bb5+ c6 11. Ba4 Nbd7 12. Bg5 O-O 13. O-O-O Qe7 14. Rd4 b5
15. b4 bxa4 0-1

[Event "AUTO-OPEN-281"]
[Site "http://www.queenalice.com/game.php?id=72715"]
[Date "2006.5.29"]
[Round "1"]
[White "gillou"]
[Black "Pedro_Maldonado"]
[Result "1-0"]
[WhiteElo "1966"]
[BlackElo "1261"]

1. d4 d5 2. Nf3 g6 3. Bg5 Bg7 4. e3 Bg4 5. Be2 Bxf3 6. Bxf3 Bf6 7. Bxf6 Nxf6 8.
Nd2 Nc6 9. c4 Nb4 10. O-O b6 11. Qa4+ Nd7 12. Qxb4 c5 13. Qc3 O-O 14. Bxd5 Rc8
15. b3 Nf6 16. Bf3 1-0

[Event "AUTO-ADV-180"]
[Site "http://www.queenalice.com/game.php?id=73002"]
[Date "2006.5.30"]
[Round "1"]
[White "Pedro_Maldonado"]
[Black "claudiocaire"]
[Result "1-0"]
[WhiteElo "1162"]
[BlackElo "1388"]

1. Nf3 c6 2. d4 e6 3. g3 Qb6 4. Bf4 Qxb2 5. Nbd2 Ba3 6. e3 Nf6 7. Nc4 Qc3+ 8.
Nfd2 Bb2 9. Nd6+ Kd8 10. Nxf7+ Ke8 11. Nxh8 Bxa1 12. Be5 Nd5 13. Qh5+ g6 14.
Qxh7 Qb4 15. Qxg6+ Kd8 16. Qg8+ Ke7 17. Ng6# 1-0

[Event "AUTO-ADV-180"]
[Site "http://www.queenalice.com/game.php?id=73003"]
[Date "2006.5.30"]
[Round "1"]
[White "claudiocaire"]
[Black "Pedro_Maldonado"]
[Result "0-1"]
[WhiteElo "1330"]
[BlackElo "972"]

1. c3 e5 2. Qb3 d6 3. Nf3 Be6 4. Qxb7 Nd7 5. e4 Nc5 6. Qb5+ Bd7 7. Qc4 Qe7 8.
Qd5 c6 9. Qc4 d5 10. Qb4 dxe4 11. d4 exf3 12. gxf3 exd4+ 13. Kd1 d3 14. Bg2 Qe2#
0-1

[Event "AUTO-ADV-180"]
[Site "http://www.queenalice.com/game.php?id=73004"]
[Date "2006.5.30"]
[Round "1"]
[White "Pedro_Maldonado"]
[Black "pedone"]
[Result "0-1"]
[WhiteElo "1255"]
[BlackElo "1674"]

1. d4 d5 2. Nc3 c6 3. Bg5 Qb6 4. b3 e6 5. e3 f6 6. Bh4 Bb4 7. Qd3 Qa5 8. Ne2 Bd6
9. Bg3 e5 10. dxe5 fxe5 11. Bh4 Qb4 12. g3 Bg4 13. O-O-O Bf3 14. Rg1 Nf6 15. Nb1
O-O 16. Bg2 Ne4 0-1

[Event "AUTO-ADV-180"]
[Site "http://www.queenalice.com/game.php?id=73005"]
[Date "2006.5.30"]
[Round "1"]
[White "pedone"]
[Black "Pedro_Maldonado"]
[Result "1-0"]
[WhiteElo "1672"]
[BlackElo "1257"]

1. e4 e5 2. Nf3 Qf6 3. c3 Nc6 4. Bc4 Bc5 5. O-O g6 6. d4 exd4 7. Bg5 Qd6 8. Re1
h6 9. e5 Qf8 10. Bf4 b6 11. cxd4 Bb4 12. Nc3 Bb7 13. d5 Na5 14. Bf1 Qc5 15. d6
cxd6 16. exd6+ Kd8 17. Ne5 1-0